000 00296nam a2200121Ia 4500
008 190723s9999 xx 000 0 und d
020 _a978-81-317-0870-5
100 _aBernard M. Moret
245 4 _aThe Theory of Computation
260 _aChennai
_bPearson
_c2007
300 _a453.:p
942 _cBK
999 _c1785
_d1785